Historia del movimiento obrero en América Latina

Kaydedildi:
Detaylı Bibliyografya
Yazar: Alba, Víctor (Yazar)
Materyal Türü: Kitap
Dil:İspanyolca
Baskı/Yayın Bilgisi: Ciudad de México Libreros Mexicanos Unidos 1964
Konular:
Etiketler: Etiketle
Etiket eklenmemiş, İlk siz ekleyin!

MARC

LEADER 00000nam a2200000 a 4500
001 UCV1713
003 CL-VaPUC
008 901112e19640000MX |||||||||||||||||spa|d
082 0 4 |a 322.22  |b ALB  |2 21 
100 0 |a Alba, Víctor  |e author  |9 295953 
245 1 0 |a Historia del movimiento obrero en América Latina 
300 |a 598 p 
942 |c BK 
945 |d 19901112 00:00:00 
260 |a Ciudad de México  |b Libreros Mexicanos Unidos  |c 1964 
650 7 |a SINDICALISMO HISTORIA  |2 CL-VaPUC  |9 256577 
583 |a last modification  |c 19901112 00:00:00  |k Rodrigo Vera 
999 |c 209566  |d 209564 
952 |0 0  |1 0  |4 0  |6 322_220000000000000_ALB_1964  |7 0  |8 A  |9 185051  |a BIBDER  |b BIBDER  |d 2019-11-14  |i 2524325  |o 322.22 ALB 1964  |p 2524325  |r 2023-01-25  |w 2019-11-14  |y BK  |k DER 
952 |0 0  |1 0  |4 0  |6 322_220000000000000_ALB_1964  |7 0  |8 A  |9 185052  |a BIBENE  |b BIBENE  |d 2019-11-14  |i 2524341  |o 322.22 ALB 1964  |p 2524341  |r 2025-01-15  |w 2019-11-14  |y BK  |k ICO 
952 |0 0  |1 0  |4 0  |6 322_220000000000000_ALB_1964  |7 0  |8 A  |9 185053  |a BIBHIS  |b BIBHIS  |d 2019-11-14  |i 1387413  |o 322.22 ALB 1964  |p 1387413  |r 2025-01-20  |w 2019-11-14  |y BK  |k HIS